| 000 | 01086nam a2200325 i 4500 | ||
|---|---|---|---|
| 003 | EG-GICUC | ||
| 005 | 20260121101212.0 | ||
| 008 | 251111s1950 -usak |f |||| 001 0 eng d | ||
| 040 |
_aEG-GiCUC _beng _cEG-GiCUC _dEG-GiCUC _erda |
||
| 041 | 0 | _aeng | |
| 082 | 0 | 4 |
_221 _a338.9 _bBO . E |
| 092 | 0 | 4 | _221 |
| 099 | _aLaw1 13 338.9 BO . E 2 ed - 1950 | ||
| 100 | 1 |
_aBowman , Mary Jean _eAuthor. |
|
| 245 | 1 | 4 |
_aEconomic Analysis And Public Policy / _cBy Mary Jean Bowman, Ph.d , And George Leland Bach, Ph.d. |
| 250 | _aSecond Edition. | ||
| 264 | 1 |
_aNew York : _b Prentice-hall, Inc , _c1950. |
|
| 300 |
_a931 pages : _billustrations ; _c24 cm. |
||
| 336 |
_2rda content _atext |
||
| 337 |
_2rda media _aComputer |
||
| 338 |
_2rda carrier _aOnline Resource |
||
| 490 | _3 | ||
| 504 | _aIncludes bibliographical references and index. | ||
| 546 | _aText in English | ||
| 650 | 1 | 4 | _aPublic finance and tax legislation |
| 700 | 1 |
_aBach , George Leland , _eAnnotator. |
|
| 856 | 4 | 0 | _uhttps://fll.law.cu.edu.eg/fulltext/bks/B13-07376.pdf |
| 905 | _a48 | ||
| 942 |
_2ddc _cBK _e21 _n0 |
||
| 999 |
_c42737 _d42737 |
||